Zeroboxer /

"As seventeen-year-old Carr 'the Raptor' Luka rises to fame in the weightless combat sport of zeroboxing, he learns a devastating secret that jeopardizes not only his future in the sport, but interplanetary relations"--

Bibliographic Details
Main Author: Lee, Fonda (Author)
Format: Book
Language:English
Published: Woodbury, Minnesota : Flux, [2015]
Edition:First edition.
Subjects:
Online Access:Image

MARC

Tag First Indicator Second Indicator Subfields
LEADER 00000cam a2200000 i 4500
001 in00003889133
005 20171016140704.0
008 150108s2015 mnu d 000 1 eng
010 |a  2014045398 
019 |a 880566407 
020 |a 9780738743387 
020 |a 0738743380 
035 |a (OCoLC)ocn899880402 
035 |a (OCoLC)899880402  |z (OCoLC)880566407 
040 |a DLC  |b eng  |e rda  |c DLC  |d IG#  |d YDXCP  |d BTCTA  |d BDX  |d GO6  |d UPZ  |d EHH  |d OLC  |d OCLCO  |d OCLCF  |d OCLCO  |d AW3  |d OCLCO  |d OCL  |d OCLCO  |d CHY  |d GL3  |d SHM  |d MQ6  |d TXA  |d UtOrBLW 
042 |a pcc  |a lcac 
049 |a TXAM 
050 0 0 |a PZ7.1.L395  |b Zer 2015 
050 4 |a PS3612.E34285  |b Z47 2015 
082 0 0 |a [Fic]  |2 23 
100 1 |a Lee, Fonda,  |e author.  |0 http://id.loc.gov/authorities/names/n2015001338 
245 1 0 |a Zeroboxer /  |c Fonda Lee. 
250 |a First edition. 
264 1 |a Woodbury, Minnesota :  |b Flux,  |c [2015] 
300 |a 353 pages ;  |c 21 cm 
336 |a text  |b txt  |2 rdacontent 
337 |a unmediated  |b n  |2 rdamedia 
338 |a volume  |b nc  |2 rdacarrier 
520 |a "As seventeen-year-old Carr 'the Raptor' Luka rises to fame in the weightless combat sport of zeroboxing, he learns a devastating secret that jeopardizes not only his future in the sport, but interplanetary relations"--  |c Provided by publisher. 
650 1 |a Boxing  |v Fiction. 
650 1 |a Fame  |v Fiction. 
650 1 |a Secrets  |v Fiction. 
650 1 |a Conduct of life  |v Fiction. 
650 1 |a Science fiction. 
650 0 |a Boxers (Sports)  |v Juvenile fiction. 
650 0 |a Fame  |v Juvenile fiction. 
650 0 |a Secrecy  |v Juvenile fiction. 
650 0 |a Conduct of life  |v Juvenile fiction.  |0 http://id.loc.gov/authorities/subjects/sh2008100297 
650 7 |a Boxing stories.  |2 fast  |0 (OCoLC)fst00837324 
650 7 |a Conduct of life.  |2 fast  |0 (OCoLC)fst00874563 
650 7 |a Fame.  |2 fast  |0 (OCoLC)fst00920123 
650 7 |a Secrecy.  |2 fast  |0 (OCoLC)fst01110644 
655 7 |a Science fiction.  |2 fast  |0 (OCoLC)fst01726489 
655 0 |a Young adult fiction. 
655 7 |a Fiction.  |2 fast  |0 (OCoLC)fst01423787 
655 7 |a Juvenile works.  |2 fast  |0 (OCoLC)fst01411637 
655 7 |a Young adult works.  |2 fast  |0 (OCoLC)fst01726790 
655 7 |a Science fiction.  |2 lcgft  |0 http://id.loc.gov/authorities/genreForms/gf2014026529 
655 7 |a Boxing stories  |v Young adult.  |2 local 
655 7 |a Science fiction  |v Young adult.  |2 local 
655 7 |a Science fiction.  |2 gsafd 
655 4 |a Young adult fiction. 
856 4 |3 Image  |u http://www.perma-bound.com/ws/image/cover/000118897/m  |t 0 
938 |a Ingram  |b INGR  |n 9780738743387 
938 |a Brodart  |b BROD  |n 109507088 
938 |a Baker and Taylor  |b BTCP  |n BK0015066011 
938 |a YBP Library Services  |b YANK  |n 11825967 
948 |a cataloged  |b h  |c 2017/7/31  |d c  |e ljohnson  |f 11:41:17 am 
994 |a C0  |b TXA 
999 f f |s b775a9b2-7296-3334-8fd2-33d09a044df3  |i 86ea821b-6906-3fa1-be6c-0e14e50c1132  |t 0 
952 f f |p noncirc  |a Texas A&M University  |b College Station  |c Cushing Memorial Library & Archives  |d Cushing: Science Fiction (Does not check out)  |t 0  |e PS3612.E34285 Z47 2015  |h Library of Congress classification  |i unmediated -- volume 
998 f f |a PS3612.E34285 Z47 2015  |t 0  |l Cushing: Science Fiction (Does not check out)